[Event "Gibtelecom Masters 8th"]
[Site "Gibraltar"]
[Date "2010.02.01"]
[Round "7.83"]
[White "Johnson, Paul A"]
[Black "Schuetze, Norman"]
[Result "1-0"]
[WhiteElo "1904"]
[BlackElo "2269"]
[PlyCount "153"]
[EventDate "2010.01.26"]
[EventType "swiss"]
[EventRounds "10"]
[EventCountry "GGB"]
[SourceDate "2005.02.07"]

1. d4 Nf6 2. Nf3 g6 3. c4 Bg7 4. Nc3 d5 5. cxd5 Nxd5 6. e4 Nxc3 7. bxc3 c5 8h3 O-O 9. Bc4 Nc6 10. Be3 Qa5 11. Qd2 cxd4 12. cxd4 Qxd2+ 13. Kxd2 Rd8 14. Kc3
Bd7 15. Bb3 Rac8 16. Kb2 Na5 17. Rac1 Bc6 18. e5 Nxb3 19. axb3 Rd5 20. Rc3 Rcd8
21. Rhc1 f6 22. Bf4 Kf7 23. Re1 Rb5 24. Rd1 fxe5 25. Ng5+ Kg8 26. Ne6 exd4 27Rxc6 bxc6 28. Nxd8 d3+ 29. Ka3 c5 30. Bc7 c4 31. bxc4 Rc5 32. Ne6 Rxc4 33. Rxd3
Bf6 34. Bg3 Kf7 35. Nc7 a5 36. Rf3 Rc5 37. Ka4 e5 38. Nb5 e4 39. Re3 Rc4+ 40Kxa5 Bd8+ 41. Ka6 Ra4+ 42. Kb7 Rb4 43. Kc6 Ke6 44. Rc3 Bf6 45. Nc7+ Kf7 46. Rc2
Rb3 47. Nd5 Bg5 48. Re2 Rb1 49. Bf4 Bxf4 50. Nxf4 g5 51. Nd5 Rg1 52. g3 Rh1 53Rxe4 Rxh3 54. Rg4 Rh2 55. Rxg5 Rxf2 56. Kd6 Re2 57. Nf4 Re1 58. Rh5 Kg7 59. g4
Re4 60. Rf5 Re1 61. g5 Rd1+ 62. Ke7 Ra1 63. Ne6+ Kg6 64. Rf6+ Kh5 65. Rh6+ Kg4
66. Kf6 Ra7 67. Rh1 Rb7 68. Rc1 Rb2 69. Rc4+ Kg3 70. Kg7 Rb6 71. Kxh7 Rxe6 72g6 Re1 73. g7 Rh1+ 74. Kg6 Rg1 75. g8=Q Kf3+ 76. Kf7 Rxg8 77. Kxg8 1-0

[Event "Gibtelecom Masters 8th"]
[Site "Gibraltar"]
[Date "2010.02.01"]
[Round "7.84"]
[White "Pereira, Johnharry"]
[Black "Overeem, Marc"]
[Result "0-1"]
[WhiteElo "1892"]
[BlackElo "2245"]
[PlyCount "37"]
[EventDate "2010.01.26"]
[EventType "swiss"]
[EventRounds "10"]
[EventCountry "GGB"]
[SourceDate "2005.02.07"]

1. d4 Nf6 2. c4 g6 3. Nc3 Bg7 4. e4 O-O 5. e5 Ne8 6. f4 d6 7. Nf3 c5 8. d5 Bg4
9. exd6 Nxd6 10. Bd3 e6 11. h3 Bxf3 12. Qxf3 exd5 13. Nxd5 Re8+ 14. Kf2 Nc6 15g3 Nd4 16. Qg4 b5 17. cxb5 c4 18. Bf1 Ne4+ 19. Kg1 0-1

[Event "Gibtelecom Masters 8th"]
[Site "Gibraltar"]
[Date "2010.02.01"]
[Round "7.85"]
[White "Bishop, Geoffrey L"]
[Black "Lipecki, Alexander"]
[Result "0-1"]
[WhiteElo "1851"]
[BlackElo "2146"]
[PlyCount "56"]
[EventDate "2010.01.26"]
[EventType "swiss"]
[EventRounds "10"]
[EventCountry "GGB"]
[SourceDate "2005.02.07"]

1. e4 e6 2. d4 d5 3. Nc3 Nf6 4. Bg5 Bb4 5. e5 h6 6. Bd2 Bxc3 7. bxc3 Ne4 8. Qg4
g6 9. Bd3 Nxd2 10. Kxd2 c5 11. Nf3 Qa5 12. Bxg6 cxd4 13. Bxf7+ Kxf7 14. Qh5+
Kf8 15. Nxd4 Qd8 16. Qf3+ Kg7 17. h4 Rf8 18. Qg4+ Kh7 19. f4 Nc6 20. Nf3 Qe8
21. h5 Qf7 22. g3 Qf5 23. Qh4 b6 24. Rae1 Ba6 25. Qh2 d4 26. cxd4 Nb4 27. Rc1
Rac8 28. Ne1 Qe4 0-1

[Event "Gibtelecom Masters 8th"]
[Site "Gibraltar"]
[Date "2010.02.01"]
[Round "7.86"]
[White "Jameson, David"]
[Black "Mancini, Giustino"]
[Result "1-0"]
[WhiteElo "2053"]
[BlackElo "1946"]
[PlyCount "67"]
[EventDate "2010.01.26"]
[EventType "swiss"]
[EventRounds "10"]
[EventCountry "GGB"]
[SourceDate "2005.02.07"]

1. c4 e5 2. Nc3 Nf6 3. g3 c6 4. d4 d6 5. dxe5 dxe5 6. Qxd8+ Kxd8 7. Nf3 Bd6 8Bg5 Kc7 9. c5 Bxc5 10. Nxe5 Nbd7 11. Nxf7 Rf8 12. Bf4+ Kb6 13. Nd6 Nd5 14. Na4+
Kc7 15. Ne8+ Kd8 16. Nxg7 Nxf4 17. gxf4 Bb4+ 18. Nc3 Nf6 19. e3 b5 20. Be2 Ke7
21. Nh5 Ne4 22. Rc1 Be6 23. O-O Bxc3 24. bxc3 Bxa2 25. Ng3 Rg8 26. Rfd1 Bd5 27c4 bxc4 28. Bxc4 h5 29. Bxd5 cxd5 30. Rxd5 Nf6 31. Re5+ Kf7 32. Rc7+ Kg6 33Rg5+ Kh6 34. Nf5# 1-0

[Event "Gibtelecom Masters 8th"]
[Site "Gibraltar"]
[Date "2010.02.01"]
[Round "7.88"]
[White "Obiamiwe, Paul"]
[Black "De Lillo, Michele"]
[Result "1-0"]
[WhiteElo "2046"]
[BlackElo "1934"]
[PlyCount "111"]
[EventDate "2010.01.26"]
[EventType "swiss"]
[EventRounds "10"]
[EventCountry "GGB"]
[SourceDate "2005.02.07"]

1. e4 e6 2. d4 d5 3. Nc3 Bb4 4. e5 c5 5. a3 Bxc3+ 6. bxc3 Qa5 7. Bd2 Ne7 8. Qg4
g6 9. h4 h5 10. Qf4 Bd7 11. Qf6 Rf8 12. Nh3 c4 13. Be2 Nbc6 14. Ng5 O-O-O 15Nxf7 Kb8 16. Qg7 Nf5 17. Qh7 Rc8 18. Nd6 Nxd6 19. exd6 Rcd8 20. Qxg6 Be8 21Qh6 Rg8 22. Bxh5 Bxh5 23. Qxh5 Rxd6 24. O-O Rd7 25. Qe2 Rdg7 26. g3 Qc7 27. Bg5
Qf7 28. Rae1 Rg6 29. Qe3 Ka8 30. f4 Ne7 31. h5 R6g7 32. g4 Nf5 33. Qxe6 Ng3 34Qxf7 Rxf7 35. Rf3 Ne4 36. Rxe4 dxe4 37. Re3 Re8 38. Kg2 Kb8 39. Kg3 Kc8 40. h6
Kd7 41. f5 Kc6 42. Kf4 Kd5 43. Bh4 b5 44. g5 Rh7 45. f6 a5 46. Be1 b4 47. cxb4
axb4 48. axb4 Kxd4 49. Bc3+ Kd5 50. g6 Rxh6 51. Kg5 Rh1 52. f7 Rg1+ 53. Kh6
Rh1+ 54. Kg7 Re7 55. Kg8 Re6 56. g7 1-0

[Event "Gibtelecom Masters 8th"]
[Site "Gibraltar"]
[Date "2010.02.01"]
[Round "7.89"]
[White "Hamer, Martyn"]
[Black "Winkler, Stefan"]
[Result "1-0"]
[WhiteElo "2039"]
[BlackElo "1916"]
[PlyCount "83"]
[EventDate "2010.01.26"]
[EventType "swiss"]
[EventRounds "10"]
[EventCountry "GGB"]
[SourceDate "2005.02.07"]

1. e4 e6 2. d4 d5 3. Nc3 Bb4 4. e5 c5 5. a3 Ba5 6. b4 cxd4 7. Nb5 Bc7 8. f4 Ne7
9. Bd3 Nbc6 10. Nf3 a6 11. Nbxd4 Bd7 12. O-O Bb6 13. Be3 Rc8 14. Qe2 Nxd4 15Nxd4 Nc6 16. Qf2 Nxd4 17. Bxd4 Bxd4 18. Qxd4 Qc7 19. f5 Qc3 20. Qg4 Qxe5 21Rae1 h5 22. Qg5 Qf6 23. Qxf6 gxf6 24. fxe6 fxe6 25. Rxf6 Ke7 26. Ref1 Rcf8 27Rxf8 Rxf8 28. Rxf8 Kxf8 29. c4 d4 30. Kf2 Bc6 31. Be2 h4 32. Bf3 Ke7 33. Bxc6
bxc6 34. Kf3 e5 35. Ke4 Ke6 36. a4 Kd6 37. g4 hxg3 38. hxg3 a5 39. bxa5 Kc5 40a6 Kb6 41. g4 Kxa6 42. g5 1-0

[Event "Gibtelecom Masters 8th"]
[Site "Gibraltar"]
[Date "2010.02.01"]
[Round "7.90"]
[White "Hawkins, James N H"]
[Black "Grant, David"]
[Result "1-0"]
[WhiteElo "2019"]
[BlackElo "1913"]
[PlyCount "48"]
[EventDate "2010.01.26"]
[EventType "swiss"]
[EventRounds "10"]
[EventCountry "GGB"]
[SourceDate "2005.02.07"]

1. e4 g6 2. d4 Bg7 3. Nc3 d6 4. Nf3 a6 5. a4 b6 6. Bd3 e6 7. O-O Ne7 8. Be3 Nd7
9. Qd2 h6 10. Rad1 Bb7 11. Rfe1 Kf8 12. Ne2 Kg8 13. Ng3 Kh7 14. c3 Rf8 15. h4
f5 16. h5 g5 17. Bxg5 fxe4 18. Nxe4 Rxf3 19. gxf3 Rb8 20. Nxd6+ Kg8 21. Nxb7
Rxb7 22. Bxh6 Qf8 23. Qg5 Qf6 24. Qxg7+ Qxg7+ 1-0

[Event "Gibtelecom Masters 8th"]
[Site "Gibraltar"]
[Date "2010.02.01"]
[Round "7.91"]
[White "Odeh, Kenneth"]
[Black "Sommerhalder, Eric"]
[Result "1-0"]
[WhiteElo "2012"]
[BlackElo "1899"]
[PlyCount "51"]
[EventDate "2010.01.26"]
[EventType "swiss"]
[EventRounds "10"]
[EventCountry "GGB"]
[SourceDate "2005.02.07"]

1. e4 c5 2. Nc3 d6 3. g3 g6 4. Bg2 Bg7 5. d3 e6 6. Be3 Nc6 7. Qd2 Nge7 8. Bh6
O-O 9. h4 Bxh6 10. Qxh6 Kh8 11. h5 Ng8 12. Qd2 Rb8 13. Nf3 b5 14. Ne2 Qf6 15O-O-O e5 16. Nc3 Qd8 17. hxg6 fxg6 18. Ng5 Nf6 19. Rh6 Qa5 20. Nxh7 Nxh7 21Rxh7+ Kxh7 22. Rh1+ Kg7 23. Qh6+ Kf7 24. Qh7+ Ke8 25. Qxg6+ Kd8 26. Qxd6+ 1-0

[Event "Gibtelecom Masters 8th"]
[Site "Gibraltar"]
[Date "2010.02.01"]
[Round "7.92"]
[White "Kuenitz, Klaus"]
[Black "Stanek, Stanislav"]
[Result "0-1"]
[WhiteElo "1755"]
[BlackElo "2007"]
[PlyCount "50"]
[EventDate "2010.01.26"]
[EventType "swiss"]
[EventRounds "10"]
[EventCountry "GGB"]
[SourceDate "2005.02.07"]

1. d4 Nf6 2. c4 d6 3. Nf3 Bg4 4. Nfd2 e5 5. h3 Bf5 6. g4 Bxb1 7. Rxb1 exd4 8Bg2 Nc6 9. Nb3 d5 10. cxd5 Nxd5 11. O-O Nde7 12. Bg5 f6 13. Bf4 g5 14. Bg3 f5
15. gxf5 Nxf5 16. Bxc6+ bxc6 17. Be5 Rg8 18. Qd3 Qd7 19. Bxc7 g4 20. hxg4 Rxg4+
21. Bg3 Bd6 22. Kh1 Bxg3 23. Qf3 Rh4+ 24. Kg2 Ne3+ 25. Kxg3 Qh3# 0-1

[Event "Gibtelecom Masters 8th"]
[Site "Gibraltar"]
[Date "2010.02.01"]
[Round "7.93"]
[White "Kympergr, Vojtech"]
[Black "Campbell, Ian"]
[Result "1-0"]
[WhiteElo "1599"]
[BlackElo "2002"]
[PlyCount "81"]
[EventDate "2010.01.26"]
[EventType "swiss"]
[EventRounds "10"]
[EventCountry "GGB"]
[SourceDate "2005.02.07"]

1. e4 g6 2. d4 Bg7 3. c4 d6 4. Nc3 f5 5. Bg5 Nc6 6. Nf3 fxe4 7. Nxe4 Nf6 8Nxf6+ exf6 9. Qe2+ Kf7 10. Be3 Re8 11. O-O-O Bf5 12. Qd2 a6 13. d5 Ne5 14. Nd4
Bd7 15. h3 Kg8 16. f4 Nf7 17. g4 b5 18. cxb5 axb5 19. b3 Qb8 20. Rh2 Qb7 21Bg2 Qa7 22. Bf3 Qa3+ 23. Kb1 Rac8 24. f5 Ne5 25. Be2 Rb8 26. Ne6 Rb7 27. Rc1 c5
28. dxc6 Bxc6 29. Ka1 Be4 30. Qb2 Qxb2+ 31. Kxb2 gxf5 32. gxf5 Bxf5 33. Rc7
Reb8 34. Nxg7 Rxc7 35. Nxf5 Rd7 36. Rg2+ Kf7 37. Rg7+ Ke6 38. Nd4+ Kd5 39. Rxd7
Nxd7 40. Bf3+ Ke5 41. Nc6+ 1-0

[Event "Gibtelecom Masters 8th"]
[Site "Gibraltar"]
[Date "2010.02.01"]
[Round "7.94"]
[White "Gonzalez Amaya, Millan"]
[Black "Marder, Simon"]
[Result "0-1"]
[WhiteElo "1805"]
[BlackElo "1993"]
[PlyCount "87"]
[EventDate "2010.01.26"]
[EventType "swiss"]
[EventRounds "10"]
[EventCountry "GGB"]
[SourceDate "2005.02.07"]

1. d4 d5 2. Nf3 Nc6 3. c4 e5 4. Nxe5 Nxe5 5. dxe5 d4 6. g3 Ne7 7. Bg2 Nc6 8. f4
Be6 9. b3 Qd7 10. Nd2 O-O-O 11. Be4 g5 12. Nf3 Bb4+ 13. Bd2 gxf4 14. Bxb4 Nxb4
15. Qd2 c5 16. a3 Nc6 17. Qxf4 Qc7 18. O-O Kb8 19. Bd3 h6 20. Rfb1 Rhg8 21. b4
cxb4 22. axb4 Bg4 23. b5 Bxf3 24. bxc6 Bxc6 25. Qxh6 Ka8 26. Qf4 Rge8 27. Rf1
Re7 28. Qf6 Rxe5 29. Qxf7 Qc8 30. Bf5 Qb8 31. Bd3 Qd6 32. Rf6 Qc5 33. Ra2 Re7
34. Qg6 Rde8 35. Qf5 Re5 36. Qf2 a6 37. Ra1 Ka7 38. Rf4 Re3 39. Rf5 Qe7 40. Rf4
Qb4 41. Rb1 Qd2 42. Kf1 Rxd3 43. Rxb7+ Bxb7 44. exd3 0-1

[Event "Gibtelecom Masters 8th"]
[Site "Gibraltar"]
[Date "2010.02.01"]
[Round "7.95"]
[White "Mikalsen, Erlend"]
[Black "Chidi, Lovinia Sylvia"]
[Result "1-0"]
[WhiteElo "1973"]
[BlackElo "1832"]
[PlyCount "49"]
[EventDate "2010.01.26"]
[EventType "swiss"]
[EventRounds "10"]
[EventCountry "GGB"]
[SourceDate "2005.02.07"]

1. e4 c5 2. Nf3 d6 3. d4 cxd4 4. Nxd4 Nf6 5. Nc3 a6 6. Be2 e5 7. Nb3 Be6 8. g4
h6 9. Be3 Qc7 10. f3 Be7 11. Qd2 Nbd7 12. h4 O-O-O 13. O-O-O Bxb3 14. axb3 Nc5
15. g5 hxg5 16. hxg5 Nfd7 17. Kb1 Nb6 18. b4 Ne6 19. Bxb6 Qxb6 20. Nd5 Qa7 21Nxe7+ Kb8 22. Rxh8 Rxh8 23. Qxd6+ Ka8 24. Nd5 Rd8 25. Nb6+ 1-0

[Event "Gibtelecom Masters 8th"]
[Site "Gibraltar"]
[Date "2010.02.01"]
[Round "7.96"]
[White "Andersen, Niels Erik"]
[Black "Fox, Pierre"]
[Result "1-0"]
[WhiteElo "1965"]
[BlackElo "1788"]
[PlyCount "87"]
[EventDate "2010.01.26"]
[EventType "swiss"]
[EventRounds "10"]
[EventCountry "GGB"]
[SourceDate "2005.02.07"]

1. d4 d5 2. Nf3 Nf6 3. Bf4 c5 4. c3 Qb6 5. Qc2 Nc6 6. e3 Bf5 7. Qc1 h6 8. Nbd2
e6 9. Be2 Be7 10. O-O a5 11. dxc5 Bxc5 12. Nb3 O-O 13. Nxc5 Qxc5 14. Nd4 Be4
15. Bg3 a4 16. f3 Bh7 17. Qd2 Nh5 18. Bf2 Ne5 19. b3 Nf6 20. Bg3 Ned7 21. Rfc1
axb3 22. axb3 Nb6 23. Bf2 Qe7 24. Qb2 e5 25. Nb5 Bf5 26. e4 dxe4 27. Bxb6 exf3
28. Bxf3 e4 29. Be2 Qe5 30. Bd4 Qf4 31. Rf1 Rxa1 32. Qxa1 Qg5 33. Qc1 Qg6 34Qf4 Bd7 35. Bxf6 Bxb5 36. Bxb5 gxf6 37. Qxf6 Qh5 38. Bc4 b5 39. Rf5 Qd1+ 40Bf1 Kh7 41. Rf4 e3 42. Qf5+ Kh8 43. Rg4 Qd6 44. Bd3 1-0

[Event "Gibtelecom Masters 8th"]
[Site "Gibraltar"]
[Date "2010.02.01"]
[Round "7.98"]
[White "Boesch, Heinz"]
[Black "Hansen, Erle Andrea Marki"]
[Result "1/2-1/2"]
[WhiteElo "1948"]
[BlackElo "1699"]
[PlyCount "48"]
[EventDate "2010.01.26"]
[EventType "swiss"]
[EventRounds "10"]
[EventCountry "GGB"]
[SourceDate "2005.02.07"]

1. e4 c5 2. d4 cxd4 3. c3 dxc3 4. Nxc3 e6 5. Bc4 Nc6 6. Nf3 d6 7. O-O Be7 8Qe2 e5 9. h3 Nf6 10. Rd1 a6 11. Be3 O-O 12. a3 Be6 13. Bxe6 fxe6 14. Qc4 Qc8
15. Rac1 Nd4 16. Rxd4 exd4 17. Qxd4 e5 18. Qb6 Qd7 19. Qb3+ Kh8 20. Rd1 Qc6 21Qe6 Qd7 22. Qb3 Qc6 23. Qe6 Qd7 24. Qb3 Qc6 1/2-1/2

[Event "Gibtelecom Masters 8th"]
[Site "Gibraltar"]
[Date "2010.02.01"]
[Round "7.99"]
[White "Royset, Paal"]
[Black "Green, Per"]
[Result "1-0"]
[WhiteElo "2279"]
[BlackElo "1970"]
[PlyCount "63"]
[EventDate "2010.01.26"]
[EventType "swiss"]
[EventRounds "10"]
[EventCountry "GGB"]
[SourceDate "2005.02.07"]

1. e4 e6 2. d4 d5 3. exd5 exd5 4. c4 Bb4+ 5. Nc3 Ne7 6. Bd3 dxc4 7. Bxc4 O-O 8Nge2 Nd7 9. O-O Nb6 10. Bb3 c6 11. Bg5 Qd7 12. Ne4 Nbd5 13. Qc2 h6 14. Be3 Qf5
15. a3 Ba5 16. Rad1 Bc7 17. Bc1 Be6 18. f3 Rad8 19. Bc4 Qh5 20. N2g3 Qh4 21Rfe1 Bc8 22. Ba2 Kh8 23. Nf1 Bb6 24. g3 Qh5 25. Qf2 Qg6 26. Bb1 f5 27. Nc5 Qf6
28. Nd2 Bc7 29. Nc4 Nb6 30. Ne5 Bxe5 31. dxe5 Rxd1 32. exf6 1-0

[Event "Gibtelecom Masters 8th"]
[Site "Gibraltar"]
[Date "2010.02.01"]
[Round "7.100"]
[White "Hagen, Anders Gjerdrum"]
[Black "Ashby, Anthony C"]
[Result "0-1"]
[WhiteElo "2108"]
[BlackElo "2178"]
[PlyCount "46"]
[EventDate "2010.01.26"]
[EventType "swiss"]
[EventRounds "10"]
[EventCountry "GGB"]
[SourceDate "2005.02.07"]

1. d4 e6 2. c4 Nf6 3. Nf3 b6 4. a3 Bb7 5. Nc3 d5 6. cxd5 Nxd5 7. Qc2 Be7 8. e4
Nxc3 9. bxc3 O-O 10. Bd3 Nd7 11. O-O c5 12. Rd1 Qc7 13. Qe2 Rfd8 14. Bg5 Nf8
15. a4 Bxg5 16. Nxg5 cxd4 17. cxd4 Rxd4 18. Rdc1 Qd8 19. Qh5 g6 20. Qf3 Qxg5
21. Rc7 Rd7 22. Rac1 Qd8 23. Rxd7 Nxd7 0-1

[Event "Gibtelecom Masters 8th"]
[Site "Gibraltar"]
[Date "2010.02.01"]
[Round "7.102"]
[White "Yarur Elsaca, Daniel"]
[Black "Rough, Robert E"]
[Result "0-1"]
[WhiteElo "1815"]
[BlackElo "1811"]
[PlyCount "62"]
[EventDate "2010.01.26"]
[EventType "swiss"]
[EventRounds "10"]
[EventCountry "GGB"]
[SourceDate "2005.02.07"]

1. e4 e5 2. f4 d5 3. exd5 e4 4. Nc3 Nf6 5. d3 Bf5 6. Qe2 Bb4 7. Bd2 Bxc3 8Bxc3 O-O 9. Bxf6 Qxf6 10. dxe4 Qxb2 11. Rd1 Re8 12. e5 Bxc2 13. Nf3 Qb4+ 14Rd2 Ba4 15. Qd3 Qxf4 16. Be2 h6 17. O-O Nd7 18. g3 Qb4 19. Qe3 Qb6 20. Rd4 Bb5
21. Rb1 a6 22. a4 Qg6 23. Re1 Bxe2 24. Qxe2 Re7 25. Re4 Rae8 26. Kg2 Nf6 27Rd4 Nd7 28. Re4 Nf6 29. Rd4 Nd7 30. Nh4 Qg5 31. Rg4 Qxe5 0-1

[Event "Gibtelecom Masters 8th"]
[Site "Gibraltar"]
[Date "2010.02.02"]
[Round "8.1"]
[White "Koneru, Humpy"]
[Black "Movsesian, Sergei"]
[Result "1/2-1/2"]
[WhiteElo "2614"]
[BlackElo "2708"]
[PlyCount "62"]
[EventDate "2010.01.26"]
[EventType "swiss"]
[EventRounds "10"]
[EventCountry "GGB"]
[SourceDate "2005.02.07"]

1. d4 Nf6 2. c4 e6 3. Nf3 d5 4. Nc3 dxc4 5. e3 a6 6. Bxc4 c5 7. O-O b5 8. Bb3
Bb7 9. e4 cxd4 10. Nxd4 Nc6 11. Be3 Be7 12. Nxc6 Bxc6 13. Qxd8+ Rxd8 14. f3 O-15. Rfd1 Rxd1+ 16. Rxd1 Rd8 17. Rxd8+ Bxd8 18. Ne2 Kf8 19. Nd4 Bd7 20. Bc2 Bc7
21. Nb3 Bc8 22. Nc5 Nd7 23. Nxd7+ Bxd7 24. Bc5+ Ke8 25. b4 g6 26. Kf2 Bc6 27g3 h5 28. Bd4 h4 29. Kg2 hxg3 30. hxg3 Bd6 31. Bc3 Kd7 1/2-1/2

[Event "Gibtelecom Masters 8th"]
[Site "Gibraltar"]
[Date "2010.02.02"]
[Round "8.2"]
[White "Vallejo Pons, Francisco"]
[Black "Sandipan, Chanda"]
[Result "1/2-1/2"]
[WhiteElo "2705"]
[BlackElo "2622"]
[PlyCount "94"]
[EventDate "2010.01.26"]
[EventType "swiss"]
[EventRounds "10"]
[EventCountry "GGB"]
[SourceDate "2005.02.07"]

1. e4 c5 2. Nf3 d6 3. d4 cxd4 4. Nxd4 Nf6 5. Nc3 a6 6. Be3 e6 7. f3 b5 8. Qd2
Nbd7 9. g4 h6 10. O-O-O b4 11. Na4 Ne5 12. b3 Bd7 13. f4 Nexg4 14. Bg2 e5 15Nf5 Bxa4 16. bxa4 Nxe3 17. Nxe3 Qc7 18. Rhf1 Be7 19. Nf5 g6 20. Nxd6+ Bxd6 21Qxd6 Qxd6 22. Rxd6 Ke7 23. fxe5 Ng4 24. Bh3 Nxe5 25. Rd5 f6 26. Rfd1 Rhd8 27Bf1 a5 28. Be2 h5 29. h4 Rxd5 30. Rxd5 g5 31. hxg5 h4 32. Bf1 Rg8 33. Rxa5 Rxg5
34. Ra7+ Kd6 35. Kd2 Rg3 36. Ra6+ Kc5 37. Rxf6 h3 38. Rh6 h2 39. Be2 Kd4 40Rxh2 Ra3 41. Kc1 Rxa2 42. Bb5 b3 43. Re2 bxc2 44. Rxc2 Rxc2+ 45. Kxc2 Kxe4 46a5 Kd5 47. a6 Nc6 1/2-1/2

[Event "Gibtelecom Masters 8th"]
[Site "Gibraltar"]
[Date "2010.02.02"]
[Round "8.3"]
[White "Kamsky, Gata"]
[Black "Adams, Michael"]
[Result "1/2-1/2"]
[WhiteElo "2693"]
[BlackElo "2694"]
[PlyCount "74"]
[EventDate "2010.01.26"]
[EventType "swiss"]
[EventRounds "10"]
[EventCountry "GGB"]
[SourceDate "2005.02.07"]

1. g3 Nf6 2. Bg2 d5 3. f4 g6 4. Nf3 Bg7 5. O-O O-O 6. d3 c5 7. Qe1 d4 8. a4 Nc6
9. Na3 Nd5 10. Kh1 e5 11. fxe5 Nxe5 12. Nxe5 Bxe5 13. Bh6 Bg7 14. Bxg7 Kxg7 15Nc4 Be6 16. c3 Rb8 17. Qf2 Nf6 18. Ne5 Bd5 19. cxd4 cxd4 20. Qxf6+ Qxf6 21Rxf6 Kxf6 22. Nd7+ Ke6 23. Nxb8 Rxb8 24. Rc1 Bb3 25. a5 Kd6 26. Kg1 Be6 27. Kf2
Rc8 28. Rxc8 Bxc8 29. b4 b6 30. axb6 axb6 31. e3 Ke5 32. Bc6 Bg4 33. e4 g5 34Bb5 Be6 35. Ke2 h6 36. Kf2 f6 37. Ke2 Bg4+ 1/2-1/2

[Event "Gibtelecom Masters 8th"]
[Site "Gibraltar"]
[Date "2010.02.02"]
[Round "8.4"]
[White "Halkias, Stelios"]
[Black "Fressinet, Laurent"]
[Result "1/2-1/2"]
[WhiteElo "2566"]
[BlackElo "2670"]
[PlyCount "65"]
[EventDate "2010.01.26"]
[EventType "swiss"]
[EventRounds "10"]
[EventCountry "GGB"]
[SourceDate "2005.02.07"]

1. d4 Nf6 2. Nf3 d5 3. c4 e6 4. Nc3 Bb4 5. Qa4+ Nc6 6. e3 O-O 7. Qc2 dxc4 8Bxc4 e5 9. dxe5 Ng4 10. O-O Ncxe5 11. Nxe5 Nxe5 12. Be2 c6 13. Rd1 Qe7 14. b3
Bg4 15. Bb2 Rfe8 16. h3 Bxe2 17. Nxe2 Ba3 18. Bc3 Rad8 19. Ng3 Bb4 20. Bb2 Qe6
21. Qe4 Ba5 22. Rxd8 Bxd8 23. Rd1 Bc7 24. Nf5 g6 25. Nh6+ Kg7 26. Qf4 f6 27Ng4 Re7 28. Qh6+ Kg8 29. Bxe5 Bxe5 30. Nxe5 Qxe5 31. Rd8+ Re8 32. Rd7 Re7 33Rd8+ 1/2-1/2

[Event "Gibtelecom Masters 8th"]
[Site "Gibraltar"]
[Date "2010.02.02"]
[Round "8.5"]
[White "Zhukova, Natalia"]
[Black "Gustafsson, Jan"]
[Result "0-1"]
[WhiteElo "2462"]
[BlackElo "2627"]
[PlyCount "66"]
[EventDate "2010.01.26"]
[EventType "swiss"]
[EventRounds "10"]
[EventCountry "GGB"]
[SourceDate "2005.02.07"]

1. Nf3 d5 2. c4 e6 3. e3 Nf6 4. b3 c5 5. Bb2 Nc6 6. cxd5 exd5 7. Bb5 Bd6 8. d4
cxd4 9. Nxd4 Bd7 10. O-O O-O 11. Nc3 Qe7 12. Nf3 Be6 13. Be2 a6 14. Qd3 Rad8
15. Rad1 Rfe8 16. Qb1 Bb8 17. g3 Ba7 18. Nd4 Nxd4 19. exd4 Qd7 20. Rfe1 Bf5 21Qc1 h6 22. Qf4 b5 23. Bf3 Bb8 24. Qd2 Bg4 25. Qd3 Bc7 26. Bxg4 Qxg4 27. Ba3 Ba5
28. f3 Qg6 29. Rxe8+ Rxe8 30. Qxg6 fxg6 31. b4 Bb6 32. Kf2 Rc8 33. Rd3 Bxd4+
0-1

[Event "Gibtelecom Masters 8th"]
[Site "Gibraltar"]
[Date "2010.02.02"]
[Round "8.6"]
[White "Bacrot, Etienne"]
[Black "Lenderman, Alex"]
[Result "1-0"]
[WhiteElo "2713"]
[BlackElo "2560"]
[PlyCount "126"]
[EventDate "2010.01.26"]
[EventType "swiss"]
[EventRounds "10"]
[EventCountry "GGB"]
[SourceDate "2005.02.07"]

1. d4 d5 2. c4 c6 3. Nf3 Nf6 4. Nc3 dxc4 5. a4 Bf5 6. Nh4 Bc8 7. e3 c5 8. Bxc4
e6 9. O-O Nc6 10. Nf3 cxd4 11. exd4 Be7 12. Re1 O-O 13. Bg5 h6 14. Bh4 Nh5 15Bxe7 Nxe7 16. d5 exd5 17. Nxd5 Nxd5 18. Qxd5 Qxd5 19. Bxd5 Nf4 20. Be4 a5 21g3 Ne6 22. Rac1 Re8 23. b3 Rb8 24. Bd5 b6 25. Ne5 Bb7 26. Bc4 Rbd8 27. Kf1 Bd5
28. Bb5 Rf8 29. Nd7 Rxd7 30. Bxd7 Nc5 31. Bb5 Bxb3 32. Re3 Be6 33. Rd1 Rb8 34Ke1 g6 35. Rd4 Nb3 36. Rd6 Nc5 37. Kd2 Kg7 38. Kc1 h5 39. h4 Kf8 40. Kb2 Kg7
41. Ka3 Kf8 42. Re1 Kg7 43. Bc6 Kf8 44. Rb1 Ke7 45. Rd4 Na6 46. Bb5 Nc5 47. Bc6
Na6 48. Rd2 Nb4 49. Bb5 Rc8 50. Kb2 Na2 51. Re1 Nb4 52. Re3 Rc5 53. Rc3 Bd5 54Rxc5 bxc5 55. Re2+ Kd6 56. Re8 Bf3 57. Rd8+ Ke5 58. Kc3 Nd5+ 59. Kc4 Nf6 60Kxc5 Ne4+ 61. Kb6 Nxf2 62. Kxa5 Nh1 63. Rd3 Be4 1-0

[Event "Gibtelecom Masters 8th"]
[Site "Gibraltar"]
[Date "2010.02.02"]
[Round "8.7"]
[White "Cheparinov, Ivan"]
[Black "Speelman, Jonathan"]
[Result "1/2-1/2"]
[WhiteElo "2660"]
[BlackElo "2535"]
[PlyCount "107"]
[EventDate "2010.01.26"]
[EventType "swiss"]
[EventRounds "10"]
[EventCountry "GGB"]
[SourceDate "2005.02.07"]

1. e4 c6 2. d4 d5 3. Nc3 dxe4 4. Nxe4 Bf5 5. Ng3 Bg6 6. h4 h6 7. Nf3 Nd7 8. h5
Bh7 9. Bd3 Bxd3 10. Qxd3 e6 11. Bd2 Ngf6 12. O-O-O Be7 13. Kb1 O-O 14. Ne4 Nxe4
15. Qxe4 Nf6 16. Qe2 Qd5 17. Ne5 Qe4 18. Qxe4 Nxe4 19. Be3 Rfd8 20. g4 c5 21c3 cxd4 22. Rxd4 Rxd4 23. Bxd4 Bg5 24. Re1 Nd2+ 25. Kc2 f6 26. Ng6 e5 27. Be3
Nf3 28. Re2 Nh2 29. Bxg5 hxg5 30. Re4 Rd8 31. Rc4 Rd7 32. a4 Kf7 33. a5 Nf3 34Rc8 Nh2 35. Rc4 Nf3 36. Rc8 Nh2 37. Rf8+ Ke6 38. Ra8 Kd6 39. Rxa7 Nxg4 40. a6
bxa6 41. Rxa6+ Kd5 42. f3 Ne3+ 43. Kd3 Nd1 44. Kc2 Ne3+ 45. Kd3 Nd1 46. Ra2
Nf2+ 47. Ke3 Nh3 48. b3 Rb7 49. Ra5+ Ke6 50. b4 Nf4 51. Nxf4+ gxf4+ 52. Ke2 Rc7
53. Kd3 Rd7+ 54. Ke2 1/2-1/2

[Event "Gibtelecom Masters 8th"]
[Site "Gibraltar"]
[Date "2010.02.02"]
[Round "8.8"]
[White "Fridman, Daniel"]
[Black "Hoffmann, Michael"]
[Result "1/2-1/2"]
[WhiteElo "2654"]
[BlackElo "2508"]
[PlyCount "72"]
[EventDate "2010.01.26"]
[EventType "swiss"]
[EventRounds "10"]
[EventCountry "GGB"]
[SourceDate "2005.02.07"]

1. d4 d5 2. c4 c6 3. Nf3 Nf6 4. e3 Bf5 5. Nc3 e6 6. Nh4 Be4 7. f3 Bg6 8. Qb3
Qc7 9. Bd2 Be7 10. Nxg6 hxg6 11. O-O-O dxc4 12. Bxc4 b5 13. Bd3 a6 14. Ne4 Nbd7
15. Kb1 c5 16. dxc5 Nxc5 17. Qc2 Nfxe4 18. Bxe4 Rc8 19. Rc1 O-O 20. Bc3 Qb8 21Bd4 Nxe4 22. Qxe4 Rxc1+ 23. Kxc1 Bf6 24. Bxf6 gxf6 25. Qf4 Rc8+ 26. Kb1 Qb6 27Rc1 Rxc1+ 28. Kxc1 Kg7 29. Kd1 e5 30. Qe4 Qc5 31. Qd3 Qb4 32. Qd2 Qc4 33. b3
Qf1+ 34. Kc2 b4 35. Kb2 a5 36. e4 Kh7 1/2-1/2